[Event "Santa Rosa Region (Women)"]
[Site "Santa Rosa"]
[Date "2018.07.17"]
[Round "6.4"]
[White "Sanchez Tobar, Francisca Valentina"]
[Black "Leon Larrachea, Catalina"]
[Result "1-0"]
[WhiteElo "1682"]
[BlackElo "1080"]
[PlyCount "74"]
[EventDate "2018.07.14"]
[EventType "swiss"]
[EventRounds "6"]
[EventCountry "CHI"]
[SourceTitle "EXT 2024"]
[Source "ChessBase"]
[SourceDate "2023.10.10"]
[SourceVersion "1"]
[SourceVersionDate "2023.10.10"]
[SourceQuality "1"]

1. e4 d6 2. d4 Nf6 3. Nc3 g6 4. Be2 Nbd7 5. Be3 Bg7 6. Qd2 0-0 7. Nf3 e5 8. dxe5 Nxe5 9. Nxe5 dxe5 10. Qxd8 Rxd8 11. 0-0 c6 12. Rad1 Be6 13. Rxd8+ Rxd8 14. Bxa7 Nd7 15. Be3 f5 16. Rd1 Bf6 17. f3 f4 18. Bf2 g5 19. a3 Kf8 20. Kf1 Ke8 21. Ke1 Be7 22. Nb1 b6 23. a4 Bc5 24. Bxc5 Nxc5 25. Rxd8+ Kxd8 26. b3 Kd7 27. Kd2 Kd6 28. Kc3 Bc8 29. Nd2 Ba6 30. Bxa6 Nxa6 31. Nc4+ Ke6 32. Nxb6 c5 33. Nd5 Kd6 34. Kc4 Kc6 35. c3 Kd6 36. b4 cxb4 37. Nxb4 h5 1-0